| 000 | 00455nam a2200169Ia 4500 | ||
|---|---|---|---|
| 005 | 20250424120222.0 | ||
| 008 | 250424s9999 xx 000 0 und d | ||
| 022 | _a77753348 | ||
| 050 | _aHD 28 .A37/ | ||
| 245 | 0 | _aAKSU Journal of management sciences. | |
| 260 | _aAkwa Ibom, Nigeria | ||
| 260 | _bAkwa Ibom State University, Nigeria | ||
| 260 | _c2020 | ||
| 300 | _aviii, 146 p. :ill. ; 28 cm. | ||
| 650 | _aManagement--Periodicals. | ||
| 942 | _cSR | ||
| 999 |
_c38065 _d38065 |
||